Flags of the Ottoman Empire - Statistics

General Stats
  • This quiz has been taken 74 times
  • The average score is 13 of 14
Answer Stats
Picture Answer % Correct
Greece
98%
Egypt
96%
Israel
96%
Lebanon
96%
North Macedonia
96%
Turkey
96%
Algeria
95%
Hungary
95%
Iraq
95%
Libya
95%
Syria
95%
Romania
93%
Tunisia
93%
Bulgaria
91%
No matching quizzes found
Score Distribution
Percent of People with Each Score
Percentile by Number Answered
Your Score History
You have not taken this quiz